Üdvözlet Szeniczről

Zobrazenie: 3 fotogr. zo Senice

Bibliographic Details
Format: Photo
Language:Hungarian
PhysicalDescription:1 pohľadnica (3 čiastkové pohľady) čiernobiela 9 x 14 cm
Published: [S.l. s.n. s.a.]
Subjects:

MARC

LEADER 00000nkm a2200000 a 4500
001 vtls001424716
003 SK-MaSNL
005 20260302001738.0
007 kf bo
008 231206n xx g 0kuhun
035 |a SNK000379598 
035 |a urn:nbn:sk:snk-km0055qz 
035 |a F30F09BD-6C40-4B2C-BC74-D6C9BFF52906 
035 |a urn:nbn:sk:snk-kmtg7x 
040 |a SNK  |b slo  |c SNK  |e AACR2 
041 0 |a hun 
043 |a e-xo--- 
044 |a xx 
080 |a (437.6)  |2 2001 
080 |a (084.121)  |2 2001 
245 0 0 |a Üdvözlet Szeniczről  |h grafika 
260 |a [S.l.  |b s.n.  |c s.a.] 
300 |a 1 pohľadnica (3 čiastkové pohľady)  |b čiernobiela  |c 9 x 14 cm 
520 8 |a Zobrazenie: 3 fotogr. zo Senice 
651 7 |a Senica (Slovensko)  |2 SNKPH  |9 25102 
655 7 |a miestne pohľadnice  |2 SNKPH  |9 70510 
852 |a Slovenská národná knižnica 
958 |a GC 
958 |a GBN 
958 |a OND 
999 |c 985104  |d 987034 
952 |t P60, <03>, [BOOK], {603}  |a SNK  |b SNK  |y PREZ  |7 0  |p 17A0321349  |o snkSP 81260  |0 0  |1 0  |4 0  |d 2001-11-20  |f 1  |l 0  |r 2005-01-02 00:00:00  |w 2026-02-24